| 000 | 00904nam a2200241 a 4500 | ||
|---|---|---|---|
| 001 | BRCA_3747 | ||
| 005 | 20190320204417.0 | ||
| 008 | 211009s2004----nyua---###---#000-0#eng-# | ||
| 020 | _a1892535149 | ||
| 041 | _aeng | ||
| 044 | _anyu | ||
| 050 | 4 |
_aTR395 _b.K73 2004 |
|
| 100 | 1 |
_aKraus, Hans P. _cJr. _99762 |
|
| 245 | 1 | 0 |
_aSun Pictures _bCatalogue Thirteen : A Twentieth Anniversary Selection _cHans P. Kraus ; text by Larry J. Schaaf. |
| 260 |
_aNew York _bHans P. Kraus, Jr., Inc. _cc2004 |
||
| 300 |
_a55 p. _bil. (algunas a color) _c28 cm. |
||
| 500 | _aCatálogo de la exposición realizada en la Galería Hans P. Kraus, Jr., Inc., 12 octubre - 19 noviembre, 2004 | ||
| 504 | _aIncluye referencias bibliográficas | ||
| 650 | 1 | 4 |
_aCalotipo _vCatálogos _99763 |
| 650 | 1 | 4 |
_aFotografía _vCatálogos _xHistoria _ySiglo XIX _zEscocia _99764 |
| 700 | 1 |
_aSchaaf, Larry J. _d1947- _99765 |
|
| 942 |
_2lcc _cB |
||
| 999 |
_c3476 _d3476 |
||